Reforming Jim Crow : (Record no. 616467)

MARC details
000 -LEADER
fixed length control field 00500nam a2200193 a 4500
008 - FIXED-LENGTH DATA ELEMENTS--GENERAL INFORMATION
fixed length control field 260302s2010##################000#0#eng##
020 ## - INTERNATIONAL STANDARD BOOK NUMBER
ISBN 9780195387421
082 04 - DEWEY DECIMAL CLASSIFICATION NUMBER
Classification number 323.1196
Item number JOH
100 1# - MAIN ENTRY--AUTHOR NAME
Personal name Johnson, Kimberley,
245 10 - TITLE STATEMENT
Title Reforming Jim Crow :
260 ## - PUBLICATION, DISTRIBUTION, ETC. (IMPRINT)
Name of publisher Oxford University Press,
Year of publication 2010.
300 ## - PHYSICAL DESCRIPTION
Number of Pages 337 pages
650 #0 - SUBJECT ADDED ENTRY--TOPICAL TERM
Topical Term History.
942 ## - ADDED ENTRY ELEMENTS (KOHA)
Koha item type English Books

No items available.

Find us on the map